000 00368 a2200193 4500
260 _bVerlag von J. Cramer
245 _aGlykoside
300 _a289 p.
650 _aBiologie
260 _c1966
300 _b24cm
100 _lAll
630 _a57 - Biologie
037 _a25319
037 _b1, Achat
100 _aZechner, .
999 _c41644
_d41644